000
00274 a2200121 4500
001
146302
040
_c
Escola São Tomás de Aquino
100
_a
BRAGA, Edson Rocha
240
1
0
_a
Os Lusíadas
_l
por
245
1
0
_a
Os Lusíadas
697
_a
*LITERATURA JUVENIL
942
_c
BK
999
_c
146302
_d
146302